Quelle est la lettre suivante ? - Statistiques

Statistiques générales
  • Ce quiz a été pris 217 fois
  • Le résultat moyen est 16 sur 25
Statistiques - réponses
Hint Réponse % Correct
S T
71%
D E
70%
K L
69%
L M
69%
Y Z
69%
O P
67%
B C
66%
E F
65%
M N
65%
X Y
65%
A B
63%
C D
63%
F G
63%
I J
63%
N O
63%
P Q
63%
V W
63%
G H
61%
H I
61%
J K
61%
T U
61%
Q R
60%
W X
60%
U V
59%
R S
57%
Aucun quiz correspondant
Distribution des résultats
% des personnes avec chaque résultat
Percentile par nombre de réponses
Votre historique - résultats
Vous n’avez pas pris ce quiz